000 00485nam a2200157 4500
001 109947
003 ES-MaACL
005 20230906184940.0
007 t|
008 061121s19411979ir r ||||1| eng d
100 0 _aMohammed Reza Pahlevi
_cSha de IrĂ¡n.
_981795
245 1 0 _aPress Conferences of his Imperial Majesty Mohammad Reza Sha Pahlavi of Iran.
260 _aTehran :
_bKaysar Printing Press,
_c[s. a.]
300 _a54 p. ;
_c25 cm.
852 _aES-MaACL
_jC-21856
_bR.46475
999 _c109947
_d109947